Arte romano en España
Saved in:
| Hovedforfatter: | |
|---|---|
| Format: | Bog |
| Sprog: | spansk engelsk fransk tysk |
| Udgivet: |
Barcelona, España
Polígrafa
1969
|
| Serier: | Biblioteca de arte hispánico
|
| Fag: | |
| Tags: |
Tilføj Tag
Ingen Tags, Vær først til at tagge denne postø!
|
MARC
| LEADER | 00000nam a2200000 a 4500 | ||
|---|---|---|---|
| 001 | UCY1633 | ||
| 003 | CL-VaPUC | ||
| 005 | 20240731093316.0 | ||
| 008 | 940909e19690000SP |||||||||||||||||spa|d | ||
| 999 | |c 230282 |d 230280 | ||
| 040 | |c Pontificia Universidad Católica de Valparaíso | ||
| 041 | 0 | 7 | |a spa |2 CL-VaPUC |
| 041 | 0 | 7 | |a eng |2 CL-VaPUC |
| 041 | 0 | 7 | |a fre |2 CL-VaPUC |
| 041 | 0 | 7 | |a ger |2 CL-VaPUC |
| 082 | 0 | 4 | |a 709.021 TAR 1969 |2 21 |
| 100 | 0 | |a Tarradell, Miguel |e author |9 329651 | |
| 245 | 1 | 0 | |a Arte romano en España |
| 260 | |a Barcelona, España |b Polígrafa |c 1969 | ||
| 300 | |a 243 páginas | ||
| 490 | 0 | |a Biblioteca de arte hispánico | |
| 583 | |a last modification |c 19940909 00:00:00 |k Rodrigo Vera | ||
| 650 | 0 | |a Arte romano |v Historia |x HISTORIA DEL ARTE |9 268397 | |
| 650 | 0 | |a Arte antiguo obras ilustradas |x OBRAS ILUSTRADAS |z ESPAÑA |9 329652 | |
| 852 | |a BIBCUR | ||
| 942 | |c BK |2 ddc | ||
| 945 | |d 19940909 00:00:00 |a oaravena | ||
| 952 | |0 0 |1 0 |2 ddc |4 0 |6 709_021000000000000_TAR_1969 |7 0 |8 X |9 232423 |a BIBHIS |b BIBHIS |d 2019-11-15 |i 3016358 |o 709.021 TAR 1969 |p 3016358 |r 2024-01-30 |t 1 |w 2019-11-15 |y BK_X |k HIS | ||